Geomorphology / (Record no. 10999)
[ view plain ]
| 000 -LEADER | |
|---|---|
| fixed length control field | 00691nam a2200229 a 4500 |
| 001 - CONTROL NUMBER | |
| control field | 10999 |
| 003 - CONTROL NUMBER IDENTIFIER | |
| rucl marc code | BD-RjUL |
| 005 - DATE AND TIME OF LATEST TRANSACTION | |
| control field | 20211208235043.0 |
| 008 - FIXED-LENGTH DATA ELEMENTS--GENERAL INFORMATION | |
| fixed length control field | 140125r19611960enkaf b 001 0 eng d |
| 035 ## - SYSTEM CONTROL NUMBER | |
| System control number | (BD-RjUL)11048 |
| 040 ## - CATALOGING SOURCE | |
| Original cataloging agency | QUT |
| Language of cataloging | eng |
| Transcribing agency | QUT |
| Modifying agency | BD-RjUL |
| 041 ## - LANGUAGE CODE | |
| Language code of text/sound track or separate title | eng |
| 082 00 - DEWEY DECIMAL CLASSIFICATION NUMBER | |
| Classification number | 551.4 |
| Author mark and year | SPG 1961 |
| 100 1# - MAIN ENTRY--PERSONAL NAME | |
| Personal name | Sparks, B. W., |
| Dates associated with a name | 1923- |
| 9 (RLIN) | 33988 |
| 245 10 - TITLE STATEMENT | |
| Title | Geomorphology / |
| Statement of responsibility, etc. | by B.W. Sparks. |
| 260 ## - PUBLICATION, DISTRIBUTION, ETC. (IMPRINT) | |
| Place of publication, distribution, etc. | London : |
| Name of publisher, distributor, etc. | Longman, |
| Date of publication, distribution, etc. | c1960 [Impression 1961]. |
| 300 ## - PHYSICAL DESCRIPTION | |
| Pagination | xx, 371 p., 32 p. of plates : |
| Illustrations | ill. ; |
| Size | 22 cm. |
| 490 0# - SERIES STATEMENT | |
| Series statement | Geographies for advanced study |
| 504 ## - BIBLIOGRAPHY, ETC. NOTE | |
| Bibliography, etc | Includes bibliographical references and index. |
| 650 #0 - SUBJECT ADDED ENTRY--TOPICAL TERM | |
| Topical term or geographic name as entry element | Physical geography. |
| 9 (RLIN) | 33989 |
| 942 ## - ADDED ENTRY ELEMENTS (KOHA) | |
| Source of classification or shelving scheme | Dewey Decimal Classification |
| Koha item type | Books |
| Lost status | Source of classification or shelving scheme | Damaged status | Not for loan | Collection code | Permanent Location | Current Location | Shelving location | Date acquired | Source of acquisition | Cost, normal purchase price | Total Checkouts | Full call number | Date last seen | Copy number | Koha item type |
|---|---|---|---|---|---|---|---|---|---|---|---|---|---|---|---|
| Dewey Decimal Classification | Non-fiction | Central Library, University of Rajshahi | Central Library, University of Rajshahi | 21/06/1963 | Zeitlinger | 42.00 | 551.4 SPG 1961 | 25/01/2014 | C-4 | Books | |||||
| Dewey Decimal Classification | Central Library, University of Rajshahi | Central Library, University of Rajshahi | 24/12/1960 | Farook library | 28.60 | 551.4 SPG 1960 | 26/01/2014 | C-8 | Books | ||||||
| Dewey Decimal Classification | Non-fiction | Central Library, University of Rajshahi | Central Library, University of Rajshahi | 18/10/1962 | Swets & Zeitlinger | 37.60 | 551.4 SPG 1961 | 28/09/2016 | C-2 | Books | |||||
| Dewey Decimal Classification | Not For Loan | Non-fiction | Central Library, University of Rajshahi | Central Library, University of Rajshahi | Reading Room | 30/11/1965 | Zeitlinger | 45.00 | 551.4 SPG 1964 | 16/05/2017 | C-1 | Books | |||
| Dewey Decimal Classification | Non-fiction | Central Library, University of Rajshahi | Central Library, University of Rajshahi | 30/11/1965 | Zeitlinger | 45.00 | 551.4 SPG 1964 | 16/05/2017 | C-3 | Books | |||||
| Dewey Decimal Classification | Non-fiction | Central Library, University of Rajshahi | Central Library, University of Rajshahi | 30/11/1965 | Zeitlinger | 45.00 | 551.4 SPG 1964 | 16/05/2017 | C-5 | Books | |||||
| Dewey Decimal Classification | Non-fiction | Central Library, University of Rajshahi | Central Library, University of Rajshahi | 16/02/1963 | Zeetlinger | 42.00 | 551.4 SPG 1962 | 12/06/2017 | C-6 | Books | |||||
| Dewey Decimal Classification | Non-fiction | Central Library, University of Rajshahi | Central Library, University of Rajshahi | 28/01/2019 | 551.4 SPG 1962 | 28/01/2019 | C-7 | Books | |||||||
| Dewey Decimal Classification | Non-fiction | Central Library, University of Rajshahi | Central Library, University of Rajshahi | 01/05/1967 | Punjab Religions book Society | 33.75 | 551.4 SPG 1961 | 03/03/2019 | C-9 | Books |